01759nam a22002897a 4500003000900000005001700009008004200026020001800068040002200086092001500108245011600123260003900239300002800278490001800306500002000324505078100344700002801125700002101153700002701174700002301201700006201224830001801286942001201304952011501316956002301431999001501454DO-SdBNP20160310144351.0160310b 1997 xxu ||||| |||| 00| 0 spa d a9780395786819 aBPMSUbspacBPMSU axxxxbxxxx00aJuntos /cautores principales, David Freeman, Yvonne S. Freeman ; autores, Margarita Calderõn ... [et al.].  aBoston : bHoughton Mifflin,c1997 a204 p. :bil. ;c31 cm.1 aInvitaciones. aLos grados K-6. 0aPara empezar: Mis amigos / Taro Gomi -- Temas: Todos juntos -- Insectos y otros amiguitos -- Todos juntos: Antologia: La gallinita roja / Byron Barton -- Quiero, quiero un amiguito / Graciela M. Pena -- Comelones / Lara Rios -- La panaderita -- Comparte cuentos con Len Cabral -- El parque / Alma Flor Ada -- El nabo / Cecilia Beuchat, Mabel Condemarin -- Cultivemos un huerto de la victoria / Marjorie Waters -- Que banda -- Taller de escritores: como hacer un papalote -- Tu puedes hacer la diferencia -- Main aux Fleurs (Mano con flores) / Picasso -- Flores / Juan Bautista Grosso -- Insectos y otros amiguitos: El piojo y la pulga / Jose-Luis Orozco -- ABC de mariposa / Kjell B. Sandved -- Su propio color / Leo Lionni -- Camaleon / Yanitzia Canetti -- Datos divertidos. 12aFincher, David, d1962-12aFreeman, Yvonne 12aCalderón, Margarita.12a Cooper, J. David 12aCooper, J. Davidd Cooper, J. David (James David), 1942-  0aInvitaciones. 2ddccBK 00102ddc40708EXTaBPMETbBPMETd2016-03-10eDonado por FUNDIl0pBPMSU16030065r2016-03-10w2016-03-10yBK 2LOPEREZ3106BPMSU c9184d9184